000 00849cam a22002774a 4500
001 13386264
003 OSt
005 20150730100124.0
008 031028s2005 ohuab b 001 0 eng
010 _a 2003114662
020 _a0030313996
020 _a0324290187 (bk. only)
035 _a(DLC) 2003114662
040 _aSEKU
042 _apcc
050 0 0 _aHF 1411
_b.R4 2005
100 1 _aReinert, Kenneth A.
245 1 0 _aWindows on the world economy :
_ban introduction to international economics
_cKenneth A. Reinert.
260 _aMason, Ohio :
_bThomson/South-Western,
_cc2005.
300 _axx, 435 p. :
_bill., map ;
_c25 cm.
504 _aIncludes bibliographical references and index.
650 0 _aInternational economic relations.
650 0 _aInternational trade.
650 0 _aInternational finance.
942 _2lcc
_cGEN
999 _c7733
_d7733